| 000 | 00397nam a2200145Ia 4500 | ||
|---|---|---|---|
| 008 | 230312s9999||||xx |||||||||||||| ||und|| | ||
| 020 | _a0-8-259-0789-0 | ||
| 082 |
_a004 _bLEO-F |
||
| 100 | _aLeon;Alexis | ||
| 245 | 0 | _aFundamentals of Information Technology | |
| 260 |
_bLeon Tech World _aIndia _c1999 |
||
| 546 | _aEng. | ||
| 650 |
_aComputer _vFundamentals of Information Technology |
||
| 942 | _cBK | ||
| 999 |
_c7325 _d7325 |
||